00497nam a2200181Ia 450000500170000000800410001702000260005804000190008404100120010308200160011510000160013124500470014726000660019430000120026065000150027265100180028785000100030520231213102411.0140110s9999 xx 000 0 und d a9788126910250cRs 250 aLoreto College aEnglish a302.23bELA aElahi, Raza aHow to becomea good journalistcRaza Elahi aNew DelhibAtlantic Publishers and Distributors (P) Ltdc2009 avi,69p  aJournalism aMedia Studies aLCLIB